Confesiones de escritores. (Record no. 18441)

MARC details
000 -LEADER
campo de control de longitud fija 00982nam a2200301 i 4500
001 - NÚMERO DE CONTROL
campo de control 18441
003 - IDENTIFICADOR DE NÚMERO DE CONTROL
campo de control ES-MaACL
005 - FECHA Y HORA DE LA ÚLTIMA TRANSACCIÓN
campo de control 20230906151836.0
007 - CAMPO FIJO DE DESCRIPCIÓN FÍSICA--INFORMACIÓN GENERAL
campo de control de longitud fija t|
008 - DATOS DE LONGITUD FIJA--INFORMACIÓN GENERAL
campo de control de longitud fija 011121s1998 ag ||||1| spa d
020 ## - NÚMERO INTERNACIONAL ESTÁNDAR DEL LIBRO
Número Internacional Estándar del Libro 950-02-8480-4
080 ## - NÚMERO DE LA CLASIFICACIÓN DECIMAL UNIVERSAL
Número de la Clasificación Decimal Universal 82.09"19"
080 ## - NÚMERO DE LA CLASIFICACIÓN DECIMAL UNIVERSAL
Número de la Clasificación Decimal Universal 929:82-293.7.08"19"(049.3)
080 ## - NÚMERO DE LA CLASIFICACIÓN DECIMAL UNIVERSAL
Número de la Clasificación Decimal Universal 82-293.7.08"19"
245 00 - MENCIÓN DEL TÍTULO
Título Confesiones de escritores.
Nombre de parte o sección de la obra Críticos. Guionistas
Resto del título : los reportajes de The Paris Review /
Mención de responsabilidad, etc. Harold Blomm ... [et al.] ; prólogo de Elvio E. Gandolfo.
250 ## - MENCION DE EDICION
Mención de edición 1ª ed.
260 ## - PUBLICACIÓN, DISTRIBUCIÓN, ETC.
Lugar de publicación, distribución, etc. Buenos Aires :
Nombre del editor, distribuidor, etc. El Ateneo,
Fecha de publicación, distribución, etc. [1998]
300 ## - DESCRIPCIÓN FÍSICA
Extensión IX, 236 p. ;
Dimensiones 23 cm.
490 1# - MENCIÓN DE SERIE
Mención de serie Grandes reportajes
650 #4 - PUNTO DE ACCESO ADICIONAL DE MATERIA--TÉRMINO DE MATERIA
Término de materia o nombre geográfico como elemento de entrada Escritores-
Subdivisión cronológica S.XX-
Subdivisión de forma Entrevistas.
9 (RLIN) 12381
650 #4 - PUNTO DE ACCESO ADICIONAL DE MATERIA--TÉRMINO DE MATERIA
Término de materia o nombre geográfico como elemento de entrada Crítica literaria-
Subdivisión cronológica S.XX.
9 (RLIN) 11452
700 1# - ENTRADA AGREGADA--NOMBRE PERSONAL
Nombre de persona Bloom, Harold.
9 (RLIN) 29559
700 1# - ENTRADA AGREGADA--NOMBRE PERSONAL
Nombre de persona Gandolfo, Elvio E.
9 (RLIN) 53844
730 0# - ASIENTO SECUNDARIO--TITULO UNIFORME
Título uniforme Paris review.
9 (RLIN) 123688
830 0# - PUNTO DE ACCESO ADICIONAL DE SERIE-TÍTULO UNIFORME
Título uniforme Grandes reportajes
9 (RLIN) 180447
852 ## - LOCALIZACIÓN
Ubicación ES-MaACL
Número de control de estantería L-25073
Sublocalización o colección R.130513
Holdings
Estatus retirado Estado de pérdida Estado de daño No para préstamo Biblioteca de origen Biblioteca actual Ubicación en estantería Fecha de adquisición Fuente de adquisición Total de préstamos Signatura topográfica completa Código de barras Visto por última vez Precio de reemplazo Tipo de ítem Koha
        Biblioteca del Ateneo de Madrid Biblioteca del Ateneo de Madrid Depósito 2 17/01/2008     L-25073 1018867 23/02/2023 23/02/2023 Libro impreso